| 000 | 01766nam2a22004331 4500 | ||
|---|---|---|---|
| 001 | v19\rc\1730588 | ||
| 005 | 20240708124926.0 | ||
| 035 | _a(NLR Aleph) 004826072 | ||
| 090 |
_a5062710 _c5062710 |
||
| 100 | _a20061002d1911 u y0rusy50 ca | ||
| 101 | 0 | _arus | |
| 102 | _aRU | ||
| 105 | _ay z 000cy | ||
| 200 | 1 |
_aВоенные действия с 22 октября до 1 декабря 1877 г. _hч. 1 _iОбщий очерк событий и действия на Западном фронте |
|
| 210 | _d1911 | ||
| 215 | _aVII, 519 с. | ||
| 461 | 0 |
_1001v19\rc\1730572 _12001#$aОписание Русско-Турецкой войны 1877-78 гг. на Балканском полуострове$vТ. 7 _95062569 _cСанкт-Петербург _d1899-1914 _nИздание Военно-исторической Комиссии Главнаго Штаба _tОписание Русско-Турецкой войны 1877-78 гг. на Балканском полуострове _vТ. 7 |
|
| 532 | 1 | 1 | _aВоенные действия с двадцать второго октября до первого декабря 1877 г. |
| 801 | 0 |
_aRU _bNLR _gpsbo |
|
| 801 | 0 |
_aRU _bRuMoRGB _2psbo |
|
| 801 | 1 |
_aRU _bProSoft-M _2rusmarc |
|
| 852 |
_aNLR _j132/1422(7-1) |
||
| 852 |
_aNLR _j37.3.1.7(7-1) |
||
| 899 |
_aRuMoRGB _jS 73/6 |
||
| 899 |
_aRuMoRGB _jU 332/72 |
||
| 899 |
_aRuMoRGB _jE 95/508 |
||
| 899 |
_aRuMoRGB _jΔ 15/94 |
||
| 899 |
_aRuMoRGB _jΔ 35/225 |
||
| 899 |
_aRuMoRGB _jΔ 20/63 |
||
| 899 |
_aRuMoRGB _jΔ 747/384 |
||
| 899 |
_aRuMoRGB _jΔ 572/5 |
||
| 899 |
_aRuMoRGB _jΔ 502/220 |
||
| 899 | _aБАН | ||
| 899 | _aГПИБ | ||
| 899 | _aНБ МГУ | ||
| 942 | _cBOOK | ||
| 980 | _aSCAN_DONE | ||
| 980 | _aNB | ||